| 000 | 00488nam a2200169 a 4500 | ||
|---|---|---|---|
| 001 | 1969 | ||
| 005 | 20140414131846.0 | ||
| 008 | 041223s19uu xx 00 eng d | ||
| 020 | _a0-590-49478-3 | ||
| 050 |
_aM 372.62 _bB76 1993 |
||
| 100 | _aBromley, Karen | ||
| 245 |
_aJournaling : _bengagement in reading, writing and thinking / _cKaren Bromley. |
||
| 260 |
_aNew York : _bScholastic, _c1993. |
||
| 300 | _a128 p. ; cm. | ||
| 650 |
_aWriting _xStudy and teaching. |
||
| 999 |
_c109959 _d109959 |
||